[Event "BL2-Nord 9596"]
[Site "Germany"]
[Date "1996.??.??"]
[Round "?.2"]
[White "Heuer, Thomas"]
[Black "Bauer, Reinhard"]
[Result "0-1"]
[WhiteElo "2290"]
[BlackElo "2315"]
[PlyCount "166"]
[EventDate "1995.10.??"]
[EventType "team-tourn"]
[EventRounds "9"]
[EventCountry "GER"]
[SourceTitle "GER-chT2"]
[Source "ChessBase"]
[SourceDate "1999.07.01"]
[SourceVersion "1"]
[SourceVersionDate "1999.07.01"]
[SourceQuality "1"]
[WhiteTeam "Lasker"]
[BlackTeam "Hameln"]
[WhiteTeamCountry "GER"]
[BlackTeamCountry "GER"]

1. d4 d5 2. c4 e6 3. Nc3 Nf6 4. Bg5 Nbd7 5. e3 c6 6. cxd5 exd5 7. Qc2 Be7 8. Bd3 Nh5 9. Bxe7 Qxe7 10. Nge2 g6 11. 0-0-0 f5 12. Rhe1 0-0 13. Ng1 Ndf6 14. f3 Qd6 15. h3 Ng3 16. Nge2 Re8 17. Nf4 Bd7 18. Qf2 Nfh5 19. Nxh5 Nxh5 20. g4 fxg4 21. hxg4 Nf6 22. Kb1 Re7 23. Qh4 Rf8 24. Qh6 Be8 25. Rh1 Qg3 26. Rdf1 b5 27. Rh3 Qc7 28. Rfh1 Rg7 29. Ne2 Qe7 30. Ng3 Kh8 31. e4 dxe4 32. Nxe4 Nxe4 33. Bxe4 Qc7 34. Qc1 Bf7 35. Qc3 Bd5 36. Qc5 Rd8 37. Bc2 Qf7 38. b3 Kg8 39. Qc3 Qf6 40. Kb2 Re7 41. Qc5 Rdd7 42. Rd1 Re3 43. Rh2 Rxf3 44. Re2 Qd6 45. g5 Kg7 46. Rde1 Qxc5 47. dxc5 b4 48. a3 a5 49. axb4 axb4 50. Rd1 Rdf7 51. Rd4 R3f4 52. Red2 h6 53. gxh6+ Kxh6 54. Rh2+ Kg7 55. Rd1 Rg4 56. Rdd2 Re7 57. Rhf2 Re3 58. Rd1 Rc3 59. Re1 Rxc5 60. Re7+ Kh6 61. Rh2+ Kg5 62. Rg7 Kf6 63. Rb7 Rb5 64. Rf2+ Kg5 65. Re7 Rb8 66. Rg7 Kh6 67. Rd7 Re8 68. Rb7 Re1 69. Rh2+ Kg5 70. Rg7 Kf6 71. Rd7 Reg1 72. Rf2+ Ke5 73. Re7+ Kd6 74. Rg7 Kc5 75. Re2 R1g2 76. Re5 Kd4 77. Rge7 Rf2 78. Re1 Rgg2 79. Rd1+ Kc5 80. Rc1 Kd6 81. Re8 Re2 82. Rxe2 Rxe2 83. Kb1 Be4 0-1